000 00663nam a2200193Ia 4500
003 LDD
008 190117s9999 xx 000 0 und d
020 _a8126313382
_c₹125
040 _cLDD
041 _ahi
082 _a8H3.7 भा3202अ-2
100 _aजितेन्द्र भाटिया
245 0 _aअगले अंधेरे तक
_cजितेन्द्र भाटिया
260 _aनई दिल्ली
_bभारतीय ज्ञानपीठ
_c2007
300 _a167पृ.
901 _aBJ
904 _aReqst by : J.M. Parakh
942 _2ddc
_cH
999 _c159090
_d159090